Brian John Faraday v Carmarthenshire CC (Record no. 73764)
[ view plain ]
| 000 -LEADER | |
|---|---|
| fixed length control field | 01745cam a2200205 4500 |
| 008 - FIXED-LENGTH DATA ELEMENTS--GENERAL INFORMATION | |
| fixed length control field | 031111n2003 000 0 eng u |
| 035 ## - SYSTEM CONTROL NUMBER | |
| System control number | (Sirsi) u124276 |
| 245 ## - TITLE STATEMENT | |
| Title | Brian John Faraday v Carmarthenshire CC |
| 260 ## - PUBLICATION, DISTRIBUTION, ETC. | |
| Date of publication, distribution, etc. | 2003 |
| 520 ## - SUMMARY, ETC. | |
| Summary, etc. | ACQ/84/1997, 24 July 2003. Claim for compensation by claimant (F) for freehold interest in estate agent's office subject to a compulsory purchase order. There were eight major issues to be determined: firstly whether the value of the freehold interest in the property should be assessed by capitalising its rental value or by its capital value; secondly what compensation should F receive for loss of profits after March 1983; thirdly whether F took reasonable steps to mitigate his loss; what was the correct approach to be adopted in calculating interest on F's losses; whether F was entitled to compensation for loss of goodwill; what rent would F have received for the uppper part of property; was the claimed loss of £19 000 on the forced sale of fixtures and fittings justified; and the extent of the costs which would have been incurred in the move. £354 111 compensation awarded to F by C. Interest on loss of profitsm adaption of fixture and fittings and removal costs to be agreed between parties. View decision at www.courtservice.gov.uk. |
| 650 ## - SUBJECT ADDED ENTRY--TOPICAL TERM | |
| Topical term or geographic name entry element | FARADAY V CARMARTHENSHIRE CC |
| 650 ## - SUBJECT ADDED ENTRY--TOPICAL TERM | |
| Topical term or geographic name entry element | COMPENSATION |
| 650 ## - SUBJECT ADDED ENTRY--TOPICAL TERM | |
| Topical term or geographic name entry element | FREEHOLD |
| 650 ## - SUBJECT ADDED ENTRY--TOPICAL TERM | |
| Topical term or geographic name entry element | Valuation |
| 9 (RLIN) | 6273 |
| 650 ## - SUBJECT ADDED ENTRY--TOPICAL TERM | |
| Topical term or geographic name entry element | LOSS OF PROFITS |
| 650 ## - SUBJECT ADDED ENTRY--TOPICAL TERM | |
| Topical term or geographic name entry element | GOODWILL |
| 690 ## - LOCAL SUBJECT ADDED ENTRY--TOPICAL TERM (OCLC, RLIN) | |
| Topical term or geographic name as entry element | ENVIRONMENTAL AND LAND CONSULTANCY-PLANNING AND DEVELOPMENT-COMPULSORY PURCHASE AND COMPENSATION |
| 856 ## - ELECTRONIC LOCATION AND ACCESS | |
| Uniform Resource Identifier | <a href="https://www.courtservice.gov.uk/tribunals/lands/decisions/acq-84-1997.pdf">https://www.courtservice.gov.uk/tribunals/lands/decisions/acq-84-1997.pdf</a> |
| Public note | View the decision on the Court Service website... |
| 942 ## - ADDED ENTRY ELEMENTS (KOHA) | |
| Suppress in OPAC | 0 |
| Withdrawn status | Lost status | Source of classification or shelving scheme | Damaged status | Not for loan | Home library | Current library | Shelving location | Date acquired | Total Checkouts | Full call number | Barcode | Date last seen | Copy number | Price effective from | Koha item type |
|---|---|---|---|---|---|---|---|---|---|---|---|---|---|---|---|
| Dewey Decimal Classification | Virtual | Virtual | Online | 11/11/2003 | ONLINE PUBLICATION | 124276-2001 | 06/08/2019 | 1 | 06/08/2019 | Law report |